000 00671nam a22002177a 4500
999 _c159202
_d159202
005 20181210122410.0
006 a|||||f|||| 00| 0
007 tc
008 181210b |||||f|||| 00| 0 eng d
010 _aB-218413-B-218414
020 _c19.00
035 _aB-218413
037 _bAICB
082 _a621
245 _aComputer Concept
260 _aNew Delhi
_bAICB
_cn.d.
270 _aSector-5, Rohini
_bNew Delhi
_e110085
_k011-27054082
300 _avarious pages
_c30cm. (HB)
942 _2ddc
_cBRLEN
_h621
_mCOM